Every Top 1 In Geometry Dash History - Statistics

General Stats
  • This quiz has been taken 123 times
  • The average score is 20 of 36
Answer Stats
Hint Answer % Correct
Aug 2015 Bloodbath
99%
Sept 2023 Tidal Wave
93%
May 2025 Thinking Space II
87%
May 2025 Amethyst
86%
Oct 2021 Slaughterhouse
85%
Feb 2018 Bloodlust
83%
Aug 2022 Acheron
82%
Nov 2016 Sonic Wave
79%
Mar 2023 Avernus
77%
Jan 2019 Zodiac
76%
Jan 2020 Tartarus
75%
Jan 2015 Cataclysm
73%
Oct 2021 Firework
69%
Dec 2021 Sakupen Circles
68%
May 2014 Ice Carbon Diablo X
66%
Jan 2017 Yatagarasu
63%
Apr 2020 The Golden
61%
Mar 2017 Erebus
52%
Apr 2022 Abyss of Darkness
51%
Nov 2015 Phobos
49%
Aug 2016 Sakupen Hell
48%
Apr 2014 Silent Club
48%
May 2018 Crimson Planet
46%
Oct 2017 Plasma Pulse Finale
45%
Dec 2016 Artificial Ascent
41%
Nov 2013 BP Night
41%
Sept 2017 Digital Descent
31%
Sept 2017 Stalemate Redux
31%
Jan 2014 The Hell Zone
28%
Nov 2016 Athanatos
27%
Jan 2014 The Hell World
25%
Feb 2014 Stereo Demoness
24%
Jan 2014 The Hell Origin
24%
Aug 2015 Fexty
18%
Jan 2014 Heaven and Hell
17%
Jul 2015 Future Demoness
15%
No matching quizzes found
Score Distribution
Percent of People with Each Score
Percentile by Number Answered
Your Score History
You have not taken this quiz